Report Of The Committee On Works And Housing On The Commercial Contract Agreement Between The Government Of the Republic Of Ghana ( Represented By The Ministry Of Sanitation And Water Resources/ Ghana Water Comapny Limited) and JV Besix-Denys for an amount of sixty-five million Euros (€65,000.000.00) to Finance the Tarkwa water supply Project (Record no. 4466)

MARC details
000 -LEADER
fixed length control field 00945nam a22001817a 4500
003 - CONTROL NUMBER IDENTIFIER
control field OSt
005 - DATE AND TIME OF LATEST TRANSACTION
control field 20250710104115.0
008 - FIXED-LENGTH DATA ELEMENTS--GENERAL INFORMATION
fixed length control field 240904b |||||||| |||| 00| 0 eng d
041 ## - LANGUAGE CODE
Language code of text/sound track or separate title English
082 ## - DEWEY DECIMAL CLASSIFICATION NUMBER
Classification number CR/MSWR/22 Acc.no. 9875 C1
110 ## - MAIN ENTRY--CORPORATE NAME
Corporate name or jurisdiction name as entry element Parliament Of Ghana
245 ## - TITLE STATEMENT
Title Report Of The Committee On Works And Housing On The Commercial Contract Agreement Between The Government Of the Republic Of Ghana ( Represented By The Ministry Of Sanitation And Water Resources/ Ghana Water Comapny Limited) and JV Besix-Denys for an amount of sixty-five million Euros (€65,000.000.00) to Finance the Tarkwa water supply Project
260 ## - PUBLICATION, DISTRIBUTION, ETC.
Place of publication, distribution, etc. Accra;
Name of publisher, distributor, etc. Parliament Of Ghana,
Date of publication, distribution, etc. June, 2022.
300 ## - PHYSICAL DESCRIPTION
Extent 5p.:
650 ## - SUBJECT ADDED ENTRY--TOPICAL TERM
Topical term or geographic name entry element Ministry Of Sanitation And Water Resources/Ghana Water Company Limited)
650 ## - SUBJECT ADDED ENTRY--TOPICAL TERM
Topical term or geographic name entry element JV Besix-Denys for an amount of sixty-five million Euros (65,000.000.00) to Finance the Tarkwa water supply Project
942 ## - ADDED ENTRY ELEMENTS (KOHA)
Source of classification or shelving scheme Dewey Decimal Classification
Koha item type Committee Reports
Suppress in OPAC No
Holdings
Withdrawn status Lost status Source of classification or shelving scheme Damaged status Not for loan Home library Current library Shelving location Date acquired Total checkouts Full call number Date last seen Copy number Price effective from Koha item type
    Dewey Decimal Classification     Main Library Main Library Open Shelves 04/09/2024   CR/MSWR/22 C1 Acc.No. 9875 04/09/2024 1 04/09/2024 Committee Reports
    Dewey Decimal Classification     Main Library Main Library Open Shelves 04/09/2024   CR/MSWR/22 C2 Acc.No. 9876 04/09/2024 2 04/09/2024 Committee Reports
©2026  Parliament of Ghana Library - All rights reserved